Normal view
MARC view
- Spangler, Davi
Entry Personal Name
001 - CONTROL NUMBER
- control field: 79214
003 - CONTROL NUMBER IDENTIFIER
- control field: NUST
005 - DATE AND TIME OF LATEST TRANSACTION
- control field: 20210628210409.0
008 - FIXED-LENGTH DATA ELEMENTS
- fixed length control field: 210628|| aca||aabn | a|a d
040 ## - CATALOGING SOURCE
- Original cataloging agency: NUST
- Transcribing agency: NUST
100 ## - HEADING--PERSONAL NAME
- Personal name: Spangler, Davi
670 ## - SOURCE DATA FOUND
- Source citation: Work cat.: (NUST): Spangler, Davi, Everyday miracls the inner art of manifestatio, 1996
